Možnosti použitia biopreparátorov v ochrane zeleniny proti chorobám a škodcom

Bibliographic Details
Main Author: Deutsch, Pavol (Author)
Format: Article
Language:Slovak
Subjects:

MARC

LEADER 00000nab a2200000 a 4500
001 vtls000372624
003 SK-MaSNL
005 20260304035009.0
008 111202c1989 xo 0 slo
015 |a SNBRA19rr/mm-uuuuu 
035 |a CL0372746 
040 |a SNKBUCL  |b slo  |c SNKBUCL  |e AACR2 
041 0 |a slo 
044 |a xo  |c SK 
080 |a 632.937:635.1/.8  |2 1981 
080 |a 635.1/.8  |2 1981 
080 |a 632.937  |2 1981 
100 1 |a Deutsch, Pavol  |4 aut  |9 936834 
245 1 0 |a Možnosti použitia biopreparátorov v ochrane zeleniny proti chorobám a škodcom  |c P. Deutsch 
650 0 7 |a biologická ochrana rastlín  |2 snkbucl  |9 224755 
650 0 7 |a zelenina  |2 snkbucl  |9 2731 
650 0 7 |a biopreparáty  |2 snkbucl  |9 833129 
655 7 |a články zo zborníkov  |2 snkbucl  |9 166140 
773 0 |t Nové smery vo výskume, výrobe a použití prípravkov na ochranu rastlín 1  |d Bratislava : Dom techniky ČSVTS, 1989 
850 |a Slovenská národná knižnica v Martine  |a MTA001 
852 |a SNK  |b KIS3GCP 
958 |a RK 
992 |a RZB 
999 |c 2655818  |d 2657748